Cantores anos 80/90 - Statistics

Estatísticas Gerais
  • Esse quiz foi jogado 191 vezes
  • A pontuação média é 8 de 16
Estatísticas das Respostas
Imagem Resposta % Correto
Michael Jackson
83%
Roberto Carlos
79%
Freddie Mercury
74%
Celine Dion
66%
Prince
66%
Madona
63%
Whitney Houston
57%
Cher
52%
George Michael
42%
Tina Turner
36%
Julio Iglesias
35%
Elton Jonh
32%
Rod Stewart
29%
Bruce Springsteen
25%
Jonh Bon Jovi
9%
Michael Bolton
5%
Nenhum quiz correspondente encontrado
Distribuição das Pontuações
Porcentagem de Pessoas com Cada Pontuação
Percentil de Números Respondidos
Sua Pontuação Histórica
Você não jogou esse quiz